000 01316nam0a22002651 4500
001 rc\3647929
005 20250610054739.0
021 _aRU
_bРг4102-74
021 _aRU
_b74-18764
035 _a(NLR Aleph) 007732522
090 _a7070818
_c7070818
100 _a20130115d1974 |||y0rusy50 ca
101 0 _arus
102 _aRU
105 _ay z |||||
200 1 _aРекомендации Республиканской научно-технической конференции по прогнозированию и сигнализации сроков борьбы с вредителями и болезнями многолетних насаждений и овощных культур. (г. Кишинев, 27-28 ноября 1973 г.)
210 _aКишинев
_cБ. и.
_d[1974]
215 _a5 с.
_d20
309 _aБез тит. л. и обл.
710 1 2 _aМолдавская респ. науч.-техн. конференция по прогнозированию и сигнализации сроков борьбы с вредителями и болезнями многолетних насаждений и овощных культур (1973; Кишинев)
801 0 _aRU
_bNLR
_gpsbo
801 1 _aRU
_bELAR
_2rusmarc
852 _aNLR
_j73-4/48831
942 _cBOOK
980 _aNB